000 01506nam a2200373 c 4500
003 BLK
005 20250517105147.0
008 180411b bul|||||r ||||||| ||bul||
010 _aKNG00214930000
020 _a978-954-28-2463-3
_bиздат.: Сиела Норма
040 _aBLK
041 _aBUL
_cBUL
072 7 _2bullib
_aН8301
_xТрилъри Н
080 _aРуска литература
_b821.161.1
_x-312.4
_z821.161.1-312.4
100 1 _aГлуховски, Дмитрий Алексеевич
_eпърви автор
_9300426
700 1 _aБежанска, Антоанета Жекова
_eпрев. от рус.
_9371554
139 _aГлуховски, Дмитрий Алексеевич
_bГ 56
245 1 0 _aЗдрач
_bРоман
_cДмитрий Алексеевич Глуховски; прев. от рус. Антоанета Жекова Бежанска.
250 _a2. изд.
257 _aRUS
260 София
_bСиела Норма
_c2017
_fСофия : Алианс принт
300 _a436 с.
_c21 см
380 _aX
500 _a1. изд. 2008. - Ориг. загл. Сумерки / Дмитрий Глуховский.
653 _aтрилъри
653 _aромани
659 _aН
852 _aЦб 288532
856 4 _qpdf
_u
856 4 _qpdf
_u
942 _cKNG
_n0
_022
944 _aCR
_c17.12.2017
_lРусанова Ирена
_k30542
944 _aED
_c09.01.2018
_lф /
_kЛюдмила_Стоянова
999 _c205325
_d205325